000 00902nas a2200265 4500
001 BR7901141
003 BR-BrBNA
005 20231205083642.0
007 ta
008 230509b bl.|||p| |||| 00| 00por d
040 _aBR-BrBNA
_bpor
_cBiblioteca Nacional de Agricultura
041 _a(Pt)
072 _aQ10; F10
100 1 _aCosta, M.A. da
100 1 _aJorge, J.T.
100 1 _aTosello, A.
111 1 _a30. Reuniao Anual da Sociedade Brasileira para o Progresso da Ciencia
_cSao Paulo, SP (Brazil)
_d9 Jul 1978
245 1 _aEstudo da umidade de equilibrio de acucar demerara em funcao da umidade relativa do ambiente
650 _aACUCAR
650 _aPRESERVACAO DE ALIMENTO
650 _aUMIDADE AMBIENTE
773 0 _tCiencia e Cultura (Brazil)
_xISSN 0009-6725
_g(Jul 1978), v. 30 (suppl. 7) p. 65
_wBR7901141
909 _a202311
_bLúcia
_c55
_dLúcia Elande
942 _2AGRIS
_n0
_cANA
999 _c100330
_d100330